[Event "IECC Y2KO email"]
[Site "IECC email"]
[Date "1999.10.14"]
[Round "?"]
[White "Howie, Andrew"]
[Black "Nesham, Timothy C"]
[Result "0-1"]
[WhiteElo "1025"]
[BlackElo "1645"]
[PlyCount "62"]
[EventDate "1999.??.??"]
[EventType "tourn (corr)"]
[EventRounds "2"]
[SourceTitle "Corr 2008"]
[Source "ChessBase"]
[SourceDate "2008.06.24"]
[SourceVersion "1"]
[SourceVersionDate "2008.06.24"]
[SourceQuality "1"]

1. e4 c5 2. Nf3 d6 3. d4 cxd4 4. Nxd4 Nf6 5. Nc3 a6 6. Be2 e5 7. Nb3 Be7 8. 0-0 0-0 9. Bg5 Be6 10. Nc1 Nc6 11. Nd3 Nd4 12. Bxf6 Nxe2+ 13. Qxe2 Bxf6 14. Rfd1 Qb6 15. Nd5 Bxd5 16. exd5 Rfe8 17. h3 e4 18. Nf4 Qxb2 19. Nh5 Qxa1 20. Rxa1 Bxa1 21. Qe3 Rac8 22. Qb3 g6 23. Nf4 b5 24. Qb1 Bd4 25. Ne2 Be5 26. Qb4 Rxc2 27. Ng3 Rxa2 28. Qb3 Ra4 29. Kf1 Rc8 30. f4 exf3 31. Qxf3 Rf4 0-1

[Event "IECC KO email"]
[Site "IECC email"]
[Date "1999.08.27"]
[Round "?"]
[White "Newman, Nelson"]
[Black "Nesham, Timothy C"]
[Result "1-0"]
[WhiteElo "2098"]
[BlackElo "1659"]
[PlyCount "57"]
[EventDate "1999.??.??"]
[EventType "tourn (corr)"]
[EventRounds "6"]
[SourceTitle "Corr 2008"]
[Source "ChessBase"]
[SourceDate "2008.06.24"]
[SourceVersion "1"]
[SourceVersionDate "2008.06.24"]
[SourceQuality "1"]

1. d4 Nf6 2. c4 e6 3. Nc3 Bb4 4. e3 0-0 5. Nge2 d5 6. a3 Bd6 7. c5 Be7 8. b4 c6 9. Ng3 b6 10. Bd2 bxc5 11. bxc5 e5 12. Be2 Nbd7 13. 0-0 Rb8 14. Qc2 Re8 15. Rab1 Rxb1 16. Rxb1 g6 17. Na2 Qc7 18. Qa4 Bd8 19. Nb4 Nb8 20. e4 dxe4 21. d5 Nbd7 22. d6 Qa5 23. Qxc6 Qxc5 24. Be3 Qxc6 25. Nxc6 Bb6 26. Nxa7 Bd4 27. a4 Nc5 28. Nxc8 Rxc8 29. Rc1 1-0